The Confluence Of Public And Private International Law (Record no. 669953)

MARC details
000 -LEADER
fixed length control field 00364nam a2200145Ia 4500
008 - FIXED-LENGTH DATA ELEMENTS--GENERAL INFORMATION
fixed length control field 230717s9999 xx 000 0 und d
020 ## - INTERNATIONAL STANDARD BOOK NUMBER
International Standard Book Number 978-0-52-73130-0
041 ## - LANGUAGE CODE
Language code of text/sound track or separate title eng
082 ## - DEWEY DECIMAL CLASSIFICATION NUMBER
Classification number 327
Item number MIL
100 ## - MAIN ENTRY--PERSONAL NAME
Personal name Mills
245 ## - TITLE STATEMENT
Title The Confluence Of Public And Private International Law
260 ## - PUBLICATION, DISTRIBUTION, ETC.
Name of publisher, distributor, etc. Ctj Publications
Date of publication, distribution, etc. 2011
300 ## - PHYSICAL DESCRIPTION
Extent 395p
700 ## - ADDED ENTRY--PERSONAL NAME
Personal name Alex
Holdings
Withdrawn status Lost status Damaged status Not for loan Collection Home library Current library Shelving location Date acquired Cost, normal purchase price Total Checkouts Full call number Barcode Date last seen Price effective from Koha item type
        NLP LL.M New Law College, Pune New Law College, Pune NLP-Rack No-120 18/10/2011 2146.00   327 MIL NLP-L01477 17/07/2023 17/07/2023 Book